Responses for Show #6495 - Friday, December 7, 2012

Contestants

[<< previous game]

Josh Frumkin, a non-profit assistant director of donor relations from Germantown, Maryland

Rebecca Neese, a school office clerk from Rosemead, California

Noah Rachels, a university fundraiser from Astoria, New York (whose 1-day cash winnings total $15,099)

[next game >>]

Jeopardy! Round responses

JUMP AROUND! JUMP AROUND!
BIBLE BOOKS BY STORY
STATE HAIKUS??
THAT'S A LAUGH!
THE KITCHEN LIBRARY
CROSSWORD CLUES "N"
    $200 24
the battery

Noah
    $200 9
Jonah

Josh
    $200 14
Kansas

Josh
    $200 18
Ernie

Noah
    $200 6
(Josh: What is chemistry?)

wine

NoahJosh
    $200 1
nab

Noah
    $400 25
the high jump

Josh
    $400 10
Genesis

Rebecca
    $400 15
Montana

Noah
    $400 19
Nelson

Josh
    $400 7
Rachael Ray

Noah
    $400 2
nimble

Josh
    $600 28
a grasshopper

Josh
    $1,000 11
(Rebecca: I know the story. Um... I believe it is... in Genesis?)
(Alex: No.)
(Rebecca: What is Genesis?)

Daniel

Rebecca
    $600 20
West Virginia

Noah
    $600 21
Vincent Price

Josh
    $600 8
Fast Food Nation

Josh
    $600 3
a nightcap

Josh
    $800 29
tae kwon do

Josh
    $800 12
Judges

Josh
    $800 22
Maine

Josh
    $800 26
Amadeus

Josh
    $800 16
the glycemic index

Noah
    $800 4
narwhal

Josh
    $1000 30
paratroopers

Josh
    $1000 13
John

Triple Stumper
    $1000 23
Idaho

Rebecca
    $1000 27
Greta Garbo

Triple Stumper
    $1000 17
Eat This, Not That!

Noah
    $1000 5
nondenominational

Noah

Scores at the first commercial break (after clue 15):

Noah Rebecca Josh
$2,200 -$600 $3,400

Scores at the end of the Jeopardy! Round:

Noah Rebecca Josh
$5,000 $400 $8,800

Double Jeopardy! Round responses

BEHIND BARS
FRENCH COUSINE
CONGRESSIONAL COMMITTEES
THE SONGWRITERS HALL OF FAME
SCIENCE GRAB BAG
THAT'S MISLEADING
(Alex: ...and I have to give you an example for something that might appear in [*]. "A residence extending wide", the correct response would be, "What is the home stretch?")
    $400 1
Atlanta

Rebecca
    $400 16
Marie Curie

Josh
    $400 26
the Judiciary Committee

Josh
    $400 6
Don Henley

Triple Stumper
    $400 11
oxygen

Josh
    $400 18
a kidnap

Josh
    $800 2
Sing Sing

Josh
    $800 17
Bonaparte

Triple Stumper
    $800 27
(Noah: What is the Ways & Means Committee?)

the Ethics Committee

Noah
Triple Stumper
    $800 7
(Josh: Who is Elvis?)
...
(Alex: "That'll be the day when you say goodbye--ah-ah." [*].)

Buddy Holly

Josh
Triple Stumper
    $800 12
Orion

Noah
    $800 19
a cakewalk

Josh
    $1200 3
Attica

Josh
    $1200 23
Jane Austen

Triple Stumper
    $1200 28
Veterans

Triple Stumper
    $1200 8
Bob Seger

Josh
    $1200 13
(Rebecca: What is mitosis?)

meiosis

NoahRebecca
    $1200 20
a banana split

Rebecca
    $3,000 4
(Alex: [*], right here in California.)

Alcatraz

Josh
    $1600 24
Renoir

Triple Stumper
    $1600 29
(Josh: What is Armed Forces?)
...
(Alex: You were so close--it's [*] Committee--not Armed Forces.)

Armed Services

Josh
Triple Stumper
    $1600 9
(Noah: Who is Woody Guthrie?)

Merle Haggard

Noah
Triple Stumper
    $2,000 14
(Noah: Don't know.)

a fluorocarbon

Noah
    $1600 21
(Noah: What is birdbowling?)

a fishbowl

NoahJosh
    $2000 5
Louisiana

Triple Stumper
    $2000 25
the St. Bartholomew's Day Massacre

Triple Stumper
    $2000 10
Jon Bon Jovi

Josh
    $2000 15
the stamen

Noah
    $2000 22
rampart

Noah

Scores at the end of the Double Jeopardy! Round:

Noah Rebecca Josh
$5,000 $800 $18,600
(lock game)

[wagering suggestions for these scores]

Final Jeopardy! Round responses

20th CENTURY PLAYS
(Alex: A movie was made of this play with a very famous couple in the lead roles.)
...
(Alex: The couple playing the roles were Richard Burton and Elizabeth Taylor, and the movie and the play was [*].)
RebeccaWhat is Death of a Salesman?
$400
NoahWhat is Death of a Salesman
$4,993
JoshWhat is ?
$1,400
Who's Afraid of Virginia Woolf

Final scores:

Noah Rebecca Josh
$7 $400 $17,200
3rd place: $1,000 2nd place: $2,000 New champion: $17,200

Game dynamics:

Coryat scores:

Noah Rebecca Josh
$7,000 $1,800 $17,200
14 R,
4 W
(including 1 DD)
4 R,
2 W
(including 1 DD)
26 R
(including 1 DD),
3 W

Combined Coryat: $26,000

[game clues] [game scores] [suggest correction]

Game tape date: 2012-08-29
The J! Archive is created by fans, for fans. Scraping, republication, monetization, and malicious use prohibited; this site may use cookies and collect identifying information. See terms. The Jeopardy! game show and all elements thereof, including but not limited to copyright and trademark thereto, are the property of Jeopardy Productions, Inc. and are protected under law. This website is not affiliated with, sponsored by, or operated by Jeopardy Productions, Inc. Join the discussion at JBoard.tv.